| 000 | 00725 a2200205 4500 | ||
|---|---|---|---|
| 005 | 2008092401011.0 | ||
| 008 | 080924t xxu||||| |||| 00| 0 eng d | ||
| 010 | _aENG-87862 | ||
| 020 | _c240.00 | ||
| 035 | _aEN-71395 | ||
| 037 | _bD.B.Act / Pub | ||
| 082 | _a658.45 | ||
| 100 | _aRai, Urmila | ||
| 245 |
_aManagerial communication _cby Urmila Rai and S. M. Rai |
||
| 260 |
_aMumbai _bHimalaya Publishing House _c2007 |
||
| 300 |
_a428 p. _c24 cm. (Pbk.) |
||
| 700 | _aRai, S. M. | ||
| 942 |
_adpl _cEN _k658.45 / RAI _2ddc _h658.45 _mRAI |
||
| 999 |
_c7208 _d7208 |
||